Συγκριτική παιδαγωγική : η εκπαίδευση στην Ευρώπη

Αποθηκεύτηκε σε:
Λεπτομέρειες βιβλιογραφικής εγγραφής
Κύριος συγγραφέας: Μάρκου, Γιώργος
Άλλοι συγγραφείς: Μπουζάκης, Σήφης (Επιμελητής έκδοσης)
Μορφή: Βιβλίο
Γλώσσα:Greek
Δημοσίευση: Αθήνα : Gutenberg, 1988
Σειρά:Παιδαγωγική σειρά
Θέματα:
Ετικέτες: Προσθήκη ετικέτας
Δεν υπάρχουν, Καταχωρήστε ετικέτα πρώτοι!

MARC

LEADER 00000nam a2200000 i 4500
001 1/97685
008 950222s1988 gre d
020 |a 960-01-0021-7 
035 |l 10010653 
040 |a GR-MY-UA  |b gre  |e aacr 
041 0 |a gre 
082 0 |a 370.195 
100 1 |a Μάρκου, Γιώργος. 
245 1 0 |a Συγκριτική παιδαγωγική :  |b η εκπαίδευση στην Ευρώπη /  |c Γ. Μάρκου...[κ.ά.] ; Επιμέλεια Σήφης Μπουζάκης 
260 |a Αθήνα :   |b Gutenberg,   |c 1988 
300 |a 180 σ.  |b πιν; σχ. 
490 1 |a Παιδαγωγική σειρά 
504 |a Περιέχει βιβλιογραφία 
650 0 0 |a Comparative education. 
650 0 0 |a Educational sociology. 
650 0 0 |a Politics and education. 
700 1 |a Μπουζάκης, Σήφης.  |4 edt 
830 0 |a Παιδαγωγική σειρά 
852 |a INST  |b LESVOS  |e 19950222  |h 370.195 ΣΥΓ  |p 005100002784  |q 005100002784  |t BK  |y 0 
852 |a INST  |b LESVOS  |e 19980316  |h 370.195 ΣΥΓ  |p 005100013154  |q 005100013154  |t BK  |y 0 
901 |a BIBL-1998-2 
909 |a Λ  |b 026970 
909 |a Λ  |b 054283 
922 |a 1ΕΛΗ  |b 199802  |c ΚΠΣ/ΤΚΑ  |d EMVASIS 
950 |a 117-1998-01-28